| 000 | 00669nam a2200145Ia 4500 | ||
|---|---|---|---|
| 008 | 100204s9999 xx 000 0 und d | ||
| 082 | _b3043 | ||
| 100 | _aभट म. दा. | ||
| 245 | _aस्वामी स्वरुपानंद : एक अलौकिक राजयोगी | ||
| 260 |
_b"जोशी ब्रदर्स, बुक सेलर्स, पुणे" _c1976 |
||
| 300 | _a152 | ||
| 630 | _aस्वामी स्वरुपानंद : एक अलौकिक राजयोगी | ||
| 730 | _aस्वामी स्वरुपानंद : एक अलौकिक राजयोगी | ||
| 942 | _cBOOK | ||
| 999 |
_c448020 _d448017 |
||